Catalog

Record Details

Catalog Search



The Paris daughter  Cover Image Book Book

The Paris daughter / Kristin Harmel.

Harmel, Kristin, (author.).

Summary:

Paris, 1939: Young mothers Elise and Juliette become fast friends the day they meet in the beautiful Bois de Boulogne. Though there is a shadow of war creeping across Europe, neither woman suspects that their lives are about to irrevocably change. When Elise becomes a target of the German occupation, she entrusts Juliette with the most precious thing in her life—her young daughter, playmate to Juliette’s own little girl. But nowhere is safe in war, not even a quiet little bookshop like Juliette’s Librairie des Rêves, and, when a bomb falls on their neighborhood, Juliette’s world is destroyed along with it. More than a year later, with the war finally ending, Elise returns to reunite with her daughter, only to find her friend’s bookstore reduced to rubble—and Juliette nowhere to be found. What happened to her daughter in those last, terrible moments? Juliette has seemingly vanished without a trace, taking all the answers with her. Elise’s desperate search leads her to New York—and to Juliette—one final, fateful time.

Record details

  • ISBN: 9781982191702
  • ISBN: 1982191708
  • Physical Description: 376 pages ; 24 cm
  • Edition: First Gallery Books hardcover edition.
  • Publisher: New York, NY : Gallery Books, 2023.
Subject: Mothers and daughters > Fiction.
Female friendship > Fiction.
Women booksellers > France > Paris > Fiction.
World War, 1939-1945 > Women > France > Fiction.
France > History > German occupation, 1940-1945 > Fiction.
New York (N.Y.) > History > 1951- > Fiction.
Genre: Historical fiction.
Novels.

Available copies

  • 1 of 1 copy available at scottsboropl.

Holds

  • 0 current holds with 1 total copy.
Show Only Available Copies
Location Call Number / Copy Notes Barcode Shelving Location Status Due Date
scottsboropl F Har 32269001245656 Adult - Fiction Available -

LDR 03958cam a2200733 i 4500
001162484
003SBPL
00520240123120608.0
008221017t20232023nyu e 000 f eng
010 . ‡a 2022049724
020 . ‡a9781982191702 ‡q(hardcover)
020 . ‡a1982191708 ‡q(hardcover)
035 . ‡a(OCoLC)1345218782 ‡z(OCoLC)1380367432 ‡z(OCoLC)1382354204
05000. ‡aPS3608.A745 ‡bP37 2023
08200. ‡a813/.6 ‡223/eng/20221019
1001 . ‡aHarmel, Kristin, ‡eauthor.
24514. ‡aThe Paris daughter / ‡cKristin Harmel.
250 . ‡aFirst Gallery Books hardcover edition.
264 1. ‡aNew York, NY : ‡bGallery Books, ‡c2023.
300 . ‡a376 pages ; ‡c24 cm
336 . ‡atext ‡btxt ‡2rdacontent
337 . ‡aunmediated ‡bn ‡2rdamedia
338 . ‡avolume ‡bnc ‡2rdacarrier
520 . ‡aParis, 1939: Young mothers Elise and Juliette become fast friends the day they meet in the beautiful Bois de Boulogne. Though there is a shadow of war creeping across Europe, neither woman suspects that their lives are about to irrevocably change. When Elise becomes a target of the German occupation, she entrusts Juliette with the most precious thing in her life—her young daughter, playmate to Juliette’s own little girl. But nowhere is safe in war, not even a quiet little bookshop like Juliette’s Librairie des Rêves, and, when a bomb falls on their neighborhood, Juliette’s world is destroyed along with it. More than a year later, with the war finally ending, Elise returns to reunite with her daughter, only to find her friend’s bookstore reduced to rubble—and Juliette nowhere to be found. What happened to her daughter in those last, terrible moments? Juliette has seemingly vanished without a trace, taking all the answers with her. Elise’s desperate search leads her to New York—and to Juliette—one final, fateful time.
650 0. ‡aMothers and daughters ‡vFiction.
650 0. ‡aFemale friendship ‡vFiction.
650 0. ‡aWomen booksellers ‡zFrance ‡zParis ‡vFiction.
650 0. ‡aWorld War, 1939-1945 ‡xWomen ‡zFrance ‡vFiction.
651 0. ‡aFrance ‡xHistory ‡yGerman occupation, 1940-1945 ‡vFiction.
651 0. ‡aNew York (N.Y.) ‡xHistory ‡y1951- ‡vFiction.
655 7. ‡aHistorical fiction. ‡2lcgft
655 7. ‡aNovels. ‡2lcgft
901 . ‡a162484 ‡bAUTOGEN ‡c162484 ‡tbiblio

Additional Resources